| 000 -LEADER |
| fixed length control field |
01754cam a2200397 a 4500 |
| 001 - CONTROL NUMBER |
| control field |
693689 |
| 005 - DATE AND TIME OF LATEST TRANSACTION |
| control field |
20170128111528.0 |
| 008 - FIXED-LENGTH DATA ELEMENTS--GENERAL INFORMATION |
| fixed length control field |
961107s1997 inua bc 000 0 eng d |
| 010 ## - LIBRARY OF CONGRESS CONTROL NUMBER |
| LC control number |
96071288 |
| 020 ## - INTERNATIONAL STANDARD BOOK NUMBER |
| International Standard Book Number |
0295976039 |
| 035 ## - SYSTEM CONTROL NUMBER |
| System control number |
(OCoLC)36620231 |
| 040 ## - CATALOGING SOURCE |
| Original cataloging agency |
InIMu |
| Transcribing agency |
InIMu |
| Modifying agency |
InIT |
| -- |
IDeKN |
| -- |
OCoLC |
| -- |
DLC |
| 042 ## - AUTHENTICATION CODE |
| Authentication code |
lccopycat |
| 043 ## - GEOGRAPHIC AREA CODE |
| Geographic area code |
e-sp--- |
| 050 04 - LIBRARY OF CONGRESS CALL NUMBER |
| Classification number |
ND806 |
| Item number |
.P35 1997 |
| 245 00 - TITLE STATEMENT |
| Title |
Painting in Spain in the age of enlightenment : |
| Remainder of title |
Goya and his contemporaries / |
| Statement of responsibility, etc. |
Ronda Kasl and Suzanne L. Stratton, curators of the exhibition and editors of the catalogue. |
| 260 ## - PUBLICATION, DISTRIBUTION, ETC. (IMPRINT) |
| Place of publication, distribution, etc. |
[Indianapolis] : |
| Name of publisher, distributor, etc. |
Indianapolis Museum of Art ; |
| Place of publication, distribution, etc. |
New York : |
| Name of publisher, distributor, etc. |
The Spanish Institute , |
| Date of publication, distribution, etc. |
c1997. |
| 300 ## - PHYSICAL DESCRIPTION |
| Extent |
295 p. : |
| Other physical details |
ill. (some col.), |
| Dimensions |
28 cm. |
| 500 ## - GENERAL NOTE |
| General note |
Catalog of an exhibition held at the Indianapolis Museum of Art, November 23, 1996-January 19, 1997 and at the Spanish Institute, New York, Spring 1997. |
| 504 ## - BIBLIOGRAPHY, ETC. NOTE |
| Bibliography, etc |
Includes bibliographical references (p. 287-295). |
| 600 10 - SUBJECT ADDED ENTRY--PERSONAL NAME |
| Personal name |
Goya, Francisco, |
| Dates associated with a name |
1746-1828 |
| General subdivision |
Influence. |
| 600 10 - SUBJECT ADDED ENTRY--PERSONAL NAME |
| Personal name |
Goya, Francisco, |
| Dates associated with a name |
1746-1828 |
| Form subdivision |
Exhibitions. |
| 650 #0 - SUBJECT ADDED ENTRY--TOPICAL TERM |
| Topical term or geographic name as entry element |
Painting, Spanish |
| Chronological subdivision |
18th century |
| Form subdivision |
Exhibitions. |
| 700 1# - ADDED ENTRY--PERSONAL NAME |
| Personal name |
Kasl, Ronda. |
| 700 1# - ADDED ENTRY--PERSONAL NAME |
| Personal name |
Stratton, Suzanne L. |
| 710 2# - ADDED ENTRY--CORPORATE NAME |
| Corporate name or jurisdiction name as entry element |
Indianapolis Museum of Art. |
| 710 2# - ADDED ENTRY--CORPORATE NAME |
| Corporate name or jurisdiction name as entry element |
Spanish Institute (New York, N.Y.) |
| 942 ## - ADDED ENTRY ELEMENTS (KOHA) |
| Source of classification or shelving scheme |
|
| Koha item type |
Hard Covered Materials |
| Classification part |
ND806 .P35 1997 |